书目信息 |
| 书名: | Starting strategies | |
| 作者: | Brian Abbs, Ingrid Freebairn. | |
| 分册号: | ||
| 分册名: | 出版地: | London : |
|
| 出版社: | Longman | |
| 出版时间: | 1977. | |
| 页数: | 136 p. | |
| 开本: | ||
| 丛书名: | Strategies | |
| 中图分类号: | ||
| 科图分类号: | ||
| 其他分类号: | H31 | |
| 主题词: | ||
| 电子资源: | ||
| 000 | 00568nam 22001937a 4500 | |
| 001 | E0753777909 | |
| 005 | 20070301150211.18 | |
| 008 | 030408s1977 enka b 001 0 eng d | |
| 020 | @a0582519055. | |
| 040 | @aNUL@cNUL | |
| 090 | @aJ688.4/W675.1 | |
| 090 | @aH31 | |
| 099 | @dH31@ex146:1(1) | |
| 100 | 1 | @aAbbs, Brian. |
| 245 | 10 | @aStarting strategies :@ban integrated language course for beginners of english / @cBrian Abbs, Ingrid Freebairn. |
| 260 | @aLondon :@bLongman,@c1977. | |
| 300 | @a136 p. | |
| 440 | 0 | @aStrategies; @v1 |
| 700 | 1 | @aFreebairn, Ingrid. |
| Starting strategies : : an integrated language course for beginners of english / / Brian Abbs, Ingrid Freebairn.-London : : Longman, , 1977. |
| 136 p.- (Strategies; 1 ) |
| ISBN 0582519055. |
| ● |
| 相关链接 |
|
|
|
|
正题名:Starting strategies
索取号:H31/x146:1(1)
 
预约/预借
| 序号 | 登录号 | 条形码 | 馆藏地/架位号 | 状态 | 备注 |
| 1 | 116281 | 000068367 | 密集书库/ [索取号:H31/x146:1(1)] | 在馆 | |
| 2 | 116283 | 000068269 | 密集书库/ [索取号:H31/x146:1(1)] | 在馆 | |
| 3 | 116284 | 000068401 | 第四借阅区/ [索取号:H31/x146:1(1)] | 在馆 | |
| 4 | 116285 | 000068232 | 密集书库/ [索取号:H31/x146:1(1)] | 在馆 | |
| 5 | 116286 | 000068278 | 第四借阅区/ [索取号:H31/x146:1(1)] | 在馆 | |
| 6 | 116287 | 000068189 | 密集书库/ [索取号:H31/x146:1(1)] | 在馆 | |
| 7 | 116288 | 000068223 | 第四借阅区/ [索取号:H31/x146:1(1)] | 在馆 | |
| 8 | 116289 | 000068312 | 第四借阅区/ [索取号:H31/x146:1(1)] | 在馆 | |
| 9 | 116290 | 000068321 | 密集书库/ [索取号:H31/x146:1(1)] | 在馆 | |
| 10 | 129869 | 000069080 | 第四借阅区/ [索取号:H31/x146:1(1)] | 在馆 | |
| 11 | 129870 | 000068919 | 密集书库/ [索取号:H31/x146:1(1)] | 在馆 | |
| 12 | 129871 | 000069035 | 密集书库/ [索取号:H31/x146:1(1)] | 在馆 | |
| 13 | 129872 | 000069124 | 密集书库/ [索取号:H31/x146:1(1)] | 在馆 | |
| 14 | 129873 | 000069071 | 密集书库/ [索取号:H31/x146:1(1)] | 在馆 | |
| 15 | 129874 | 000068991 | 密集书库/ [索取号:H31/x146:1(1)] | 在馆 | |
| 16 | 129875 | 000069115 | 密集书库/ [索取号:H31/x146:1(1)] | 在馆 | |
| 17 | 129876 | 000068660 | 密集书库/ [索取号:H31/x146:1(1)] | 在馆 | |
| 18 | 129877 | 000068955 | 密集书库/ [索取号:H31/x146:1(1)] | 在馆 | |
| 19 | 129878 | 000069044 | 第二样本阅览室/ [索取号:H31/x146:1(1)] | 在馆 |